000 00310nam a2200133Ia 4500
008 240624s9999 xx 000 0 und d
041 _aeng
082 _a303.49 TOF
100 _aTOFFLER ALVIN
245 _aFUTURE SHOCK
260 _c1990
_aNew York
_bBantam Books
300 _a561 : p. : cm. ; 18
365 _c
999 _c3580
_d3580